Romances modernos de toros, guerra y caza / (Record no. 55909)

MARC details
000 -LEADER
campo de control de longitud fija 00714nam a2200205 i 4500
001 - NÚMERO DE CONTROL
campo de control 55909
003 - IDENTIFICADOR DE NÚMERO DE CONTROL
campo de control ES-MaACL
005 - FECHA Y HORA DE LA ÚLTIMA TRANSACCIÓN
campo de control 20250827063207.0
007 - CAMPO FIJO DE DESCRIPCIÓN FÍSICA--INFORMACIÓN GENERAL
campo de control de longitud fija t|
008 - DATOS DE LONGITUD FIJA--INFORMACIÓN GENERAL
campo de control de longitud fija 030930s1945 sp a |||| | spa d
080 ## - NÚMERO DE LA CLASIFICACIÓN DECIMAL UNIVERSAL
Número de la Clasificación Decimal Universal 821.134.2-14"19"
100 1# - ENTRADA PRINCIPAL--NOMBRE DE PERSONA
Nombre de persona Casariego, J. E.,
Fechas asociadas al nombre 1913-1990
9 (RLIN) 36176
245 10 - MENCIÓN DEL TÍTULO
Título Romances modernos de toros, guerra y caza /
Mención de responsabilidad, etc. J.E. Casariego ; prólogo de Agustín de Foxá ; epílogo de Manuel Machado.
260 ## - PUBLICACIÓN, DISTRIBUCIÓN, ETC.
Lugar de publicación, distribución, etc. Madrid :
Nombre del editor, distribuidor, etc. E. María Alonso,
Fecha de publicación, distribución, etc. [1945] (
Fabricante Marsiega)
300 ## - DESCRIPCIÓN FÍSICA
Extensión 53 p., principalmente il. ;
Dimensiones 31 cm.
700 1# - ENTRADA AGREGADA--NOMBRE PERSONAL
Nombre de persona Foxá, Agustín de,
Fechas asociadas al nombre 1903-1959
9 (RLIN) 52033
700 1# - ENTRADA AGREGADA--NOMBRE PERSONAL
Nombre de persona Machado, Manuel,
Fechas asociadas al nombre 1874-1947
9 (RLIN) 75161
852 ## - LOCALIZACIÓN
Ubicación ES-MaACL
Número de control de estantería B-10675
Holdings
Estatus retirado Estado de pérdida Estado de daño No para préstamo Biblioteca de origen Biblioteca actual Ubicación en estantería Fecha de adquisición Fuente de adquisición Total de préstamos Signatura topográfica completa Código de barras Visto por última vez Precio de reemplazo Tipo de ítem Koha
        Biblioteca del Ateneo de Madrid Biblioteca del Ateneo de Madrid Sala Pardo Bazán 17/01/2008     B-10675 1058730 23/02/2023 23/02/2023 Libro impreso